<?xml version="1.0" encoding="UTF-8"?>
<record
    xmlns:xsi="http://www.w3.org/2001/XMLSchema-instance"
    xsi:schemaLocation="http://www.loc.gov/MARC21/slim http://www.loc.gov/standards/marcxml/schema/MARC21slim.xsd"
    xmlns="http://www.loc.gov/MARC21/slim">

  <leader>00341    a2200133   4500</leader>
  <controlfield tag="005">20250623080151.0</controlfield>
  <datafield tag="020" ind1=" " ind2=" ">
    <subfield code="a">0 471 95988 7</subfield>
  </datafield>
  <datafield tag="082" ind1=" " ind2=" ">
    <subfield code="a">332.17 WOO.</subfield>
  </datafield>
  <datafield tag="100" ind1=" " ind2=" ">
    <subfield code="a">WOO,J. H.</subfield>
  </datafield>
  <datafield tag="245" ind1=" " ind2=" ">
    <subfield code="a">Commercial Bank Loan and Investment Behaviour .</subfield>
  </datafield>
  <datafield tag="260" ind1=" " ind2=" ">
    <subfield code="a">New York,</subfield>
    <subfield code="b">John Wiley and Sons,</subfield>
    <subfield code="c">1975.</subfield>
  </datafield>
  <datafield tag="300" ind1=" " ind2=" ">
    <subfield code="a">xii,153p.:</subfield>
    <subfield code="c">23cm</subfield>
  </datafield>
  <datafield tag="942" ind1=" " ind2=" ">
    <subfield code="2">ddc</subfield>
    <subfield code="c">BKS</subfield>
  </datafield>
  <datafield tag="999" ind1=" " ind2=" ">
    <subfield code="c">526</subfield>
    <subfield code="d">526</subfield>
  </datafield>
  <datafield tag="952" ind1=" " ind2=" ">
    <subfield code="r">2025-03-13 10:21:17</subfield>
    <subfield code="l">0</subfield>
    <subfield code="o">332.17 WOOD.</subfield>
    <subfield code="p">0000002139</subfield>
    <subfield code="v">60000.00</subfield>
    <subfield code="w">2025-03-13</subfield>
    <subfield code="y">BKS</subfield>
    <subfield code="1">0</subfield>
    <subfield code="2">ddc</subfield>
    <subfield code="4">0</subfield>
    <subfield code="7">0</subfield>
    <subfield code="0">0</subfield>
    <subfield code="a">CBEML</subfield>
    <subfield code="b">CBEML</subfield>
    <subfield code="c">GEN</subfield>
    <subfield code="d">2025-03-13</subfield>
    <subfield code="g">20000.00</subfield>
  </datafield>
  <datafield tag="952" ind1=" " ind2=" ">
    <subfield code="r">2025-03-13 10:21:17</subfield>
    <subfield code="l">0</subfield>
    <subfield code="o">332.17 WOOD.</subfield>
    <subfield code="p">0000002140</subfield>
    <subfield code="v">60000.00</subfield>
    <subfield code="w">2025-03-13</subfield>
    <subfield code="y">BKS</subfield>
    <subfield code="1">0</subfield>
    <subfield code="2">ddc</subfield>
    <subfield code="4">0</subfield>
    <subfield code="7">0</subfield>
    <subfield code="0">0</subfield>
    <subfield code="a">CBEML</subfield>
    <subfield code="b">CBEML</subfield>
    <subfield code="c">GEN</subfield>
    <subfield code="d">2025-03-13</subfield>
    <subfield code="g">20000.00</subfield>
  </datafield>
  <datafield tag="952" ind1=" " ind2=" ">
    <subfield code="r">2025-03-13 10:21:17</subfield>
    <subfield code="l">0</subfield>
    <subfield code="o">332.17 WOOD.</subfield>
    <subfield code="p">0000002141</subfield>
    <subfield code="v">60000.00</subfield>
    <subfield code="w">2025-03-13</subfield>
    <subfield code="y">BKS</subfield>
    <subfield code="1">0</subfield>
    <subfield code="2">ddc</subfield>
    <subfield code="4">0</subfield>
    <subfield code="7">0</subfield>
    <subfield code="0">0</subfield>
    <subfield code="a">CBEML</subfield>
    <subfield code="b">CBEML</subfield>
    <subfield code="c">GEN</subfield>
    <subfield code="d">2025-03-13</subfield>
    <subfield code="g">20000.00</subfield>
  </datafield>
</record>
